=LDR 00000nam 2200000 4500 =001 NUTBA000000000000878 =005 20140417142416.0 =006 =007 =008 =020 ##$$a979-518-039-8 =035 ##$$a 0010-041400000000148 =082 ##$$a370 =100 ##$$arohani, Ahmad =245 ##$$aPENGELOLAAN PENGAJARAN =260 ##$$a JAKARTA $b RINEKA CIPTA $c 2004 =300 ##$$aIX; 245 HLM =440 ##$$aPENGELOLAAN PENGAJARAN =700 ##$$arohani, Ahmad =990 ##$$a 92679/BPAP-NTB/2014 =990 ##$$a 93569/BPAP-NTB/2014 =990 ##$$a 94272/BPAP-NTB/2014 =990 ##$$a 21400613/BPAP-NTB/20142014